O NADSTAVKOVOM ÚLI

Bibliographic Details
Format: Article
Language:Slovak

MARC

LEADER 00000nab a2200000ua 4500
001 vtls010785796
003 SK-MaSNL
005 20260225191418.0
008 230131s1968 xo |||||||||||||||||slo|
035 |a (urnnbn)urn:nbn:sk:snk:ar-a0042a 
035 |a (uuid)04f4525b-cff7-477e-8c79-729a6a6fec8c 
035 |a urn:nbn:sk:snk-ab50as 
040 |a SNKBUCL  |b slo  |c SNKBUCL  |e AACR2 
041 0 |a slo 
044 |a xo  |c SK 
245 0 0 |a O NADSTAVKOVOM ÚLI 
773 0 |t Včelár : odborný časopis Povereníctva poľnohospodárstva a lesného hospodárstva a Ústredia včelárskych združení na Slovensku  |g Roč. 42, č. 10 (1968), s. 239 
954 |a odborná, vedecká literatúra pôvodná (slovenská)  |2 lita 
958 |a OND 
958 |a EUIPO 
958 |a article3 
999 |c 1908310  |d 1910240